000 00321nam a22001337a 4500
008 170607b xxu||||| |||| 00| 0 eng d
020 _a9780801485695
041 _aeng
080 _a94
100 _a18
101 _aSHH
245 _aTHE BETWEEN FUTURE HISTORY OF THE AND HOLOCAUST MEMORY
_cLANG,B
942 _2udc
_cBK
999 _c16331
_d16331